000 00354 a2200169 4500
001 191356
020 _a85-7208-175-5
040 _cMagnum
100 _aSorrenti, Neusa
240 1 0 _aEra uma vez eu
_lpor
245 1 0 _aEra uma vez eu
300 _a33
362 0 _a1997
440 1 _aFormato
697 _aLITERATURA INFANTO-JUVENIL
942 _cBK
999 _c191356
_d191356